[Event "Aalborg"]
[Site "Aalborg"]
[Date "1995.??.??"]
[Round "3"]
[White "Pedersen, Steffen"]
[Black "Maksimenko, Andrei"]
[Result "1-0"]
[WhiteElo "2405"]
[BlackElo "2550"]

1.d4 d5 2.c4 e6 3.Nc3 c6 4.e3 Nf6 5.Nf3 Nbd7 6.Qc2 Bd6 7.Bd2 O-O 8.h3 a6
9.g4 dxc4 10.g5 Nd5 11.Bxc4 b6 12.Nxd5 cxd5 13.Bd3 f5 14.Qc6 Nb8 15.Qxa8 Rf7
16.Rc1 Bb7 17.Qa7 Bc6 18.Qxb8 Bxb8 19.Rxc6 f4 20.Ke2 fxe3 21.Bxe3 Qd7 22.Rhc1 Rf8
23.Bxa6 Qf7 24.Ne1 Qh5+ 25.Kd2 e5 26.Bc8 g6 27.Bg4 Qh4 28.Rc8 exd4 29.Rxf8+ Kxf8
30.Rc8+ Ke7 31.Nf3 dxe3+ 32.Kxe3 d4+ 33.Ke2 d3+ 34.Kf1  1-0

[Event "Aalborg"]
[Site "Aalborg"]
[Date "1995.??.??"]
[Round "9"]
[White "Maksimenko, Andrei"]
[Black "Sorensen, Bent"]
[Result "1-0"]
[WhiteElo "2550"]
[BlackElo "2300"]

1.d4 d5 2.c4 c6 3.Nc3 Nf6 4.Nf3 e6 5.e3 Nbd7 6.Bd3 Bd6 7.O-O O-O 8.e4 dxe4
9.Nxe4 Nxe4 10.Bxe4 c5 11.Bc2 Qc7 12.dxc5 Bxc5 13.b3 Rd8 14.Qe2 Nf8 15.Bb2 f6
16.Nd2 e5 17.Ne4 Bd4 18.Bxd4 Rxd4 19.Rad1 Ne6 20.Qh5 Qe7 21.Nc3 g6 22.Qe2 Bd7
23.Be4 Bc6 24.Bd5 Rxd1 25.Rxd1 Kg7 26.Qe3 Nf4 27.Bxc6 bxc6 28.Qd2 Rc8 29.Qd7 Rc7
30.Qxe7+ Rxe7 31.Rd6 Rc7 32.g3 Nh3+ 33.Kf1 Ng5 34.h4 Nf7 35.Rd1 f5 36.Na4 Kf6
37.Ke2 Ke7 38.Nc5 Nd6 39.Na6 Rb7 40.f3 Ne8 41.Nc5 Rc7 42.g4 Nd6 43.Na6 Rd7
44.Nb4 Rc7 45.Ke3 Nb7 46.Nd3 Kf6 47.Nf2 Ke6 48.Nh3 h6 49.Nf2 Rd7 50.gxf5+ gxf5
51.Rg1 Kf6 52.Nd3 Nd6 53.h5 f4+ 54.Ke2 Kf5 55.Rg6 e4 56.Nc5 Rd8 57.Ne6 Rd7
58.Nc5 Rd8 59.Ne6 Rd7 60.Ng7+ Ke5 61.Re6+ Kd4 62.Rxd6+ Rxd6 63.Nf5+ Ke5 64.Nxd6 Kxd6
65.fxe4 Ke5 66.Kf3 c5 67.a3 a6 68.b4  1-0

[Event "Aceimar op"]
[Site "Aceimar"]
[Date "1995.??.??"]
[Round "?"]
[White "Adla, Diego"]
[Black "Rodriguez Lopez, Rafael"]
[Result "1-0"]
[WhiteElo "2440"]
[BlackElo "2315"]

1.d4 d5 2.c4 c6 3.Nc3 Nf6 4.Nf3 e6 5.e3 Nbd7 6.Qc2 b6 7.Bd3 Bb7 8.O-O Be7
9.b3 O-O 10.Ne5 Rc8 11.Bb2 Qc7 12.Rad1 Rfd8 13.f4 Nf8 14.f5 Bd6 15.e4 dxc4
16.Nxc4 Bxh2+ 17.Kh1 b5 18.e5 bxc4 19.Bxc4 Ng4 20.Qe2 h5 21.Ne4 c5 22.Nf2 Nxf2+
23.Qxf2 cxd4 24.Kxh2 Qxe5+ 25.Kg1 Qxf5 26.Qxf5 exf5 27.Rxf5 Ne6 28.Rdf1 Rc7
29.Rxh5 d3 30.Rd1 d2 31.Bc3 Rcd7 32.Ba5 Rc8 33.Rxd2 Rxd2 34.Bxd2 Rd8 35.Be3 Rd1+
36.Kh2 Nd4 37.Rc5 Ne6  1-0

[Event "Aceimar op"]
[Site "Aceimar"]
[Date "1995.??.??"]
[Round "?"]
[White "Saramos, R."]
[Black "Antunes, Antonio"]
[Result "0-1"]
[WhiteElo "2375"]
[BlackElo "2530"]

1.d4 d5 2.c4 c6 3.Nf3 Nf6 4.Nc3 e6 5.e3 Nbd7 6.Bd3 dxc4 7.Bxc4 b5 8.Bd3 b4
9.Ne4 Be7 10.a3 c5 11.Nxf6+ Nxf6 12.Ne5 Bb7 13.dxc5 Bxc5 14.Qa4+ Kf8 15.axb4 Bb6
16.Bf1 Qd5 17.Nf3 Ke7 18.Be2 Rhd8 19.O-O Qf5 20.Bd2 g5 21.Bc3 g4 22.Ne1 Ne4
23.b5 h5 24.Bd4 Rxd4 25.exd4 Ke8 26.Nd3 Rd8 27.Nc5 Nxc5 28.dxc5 Qxc5 29.Rad1 Rxd1
30.Qxd1 Qe5 31.Qd3 Bc7 32.g3 Bb6 33.Rd1 Bd5 34.Qc2 Kf8 35.Bc4 Be4 36.Qe2 Qf5
37.Bd3 Bxd3 38.Rxd3 Bxf2+ 39.Kg2 Bb6 40.Rd2 Qc5 41.Rd1 Qf5 42.b3 e5 43.Rf1 Qe6
44.Qc4 Qg6 45.h3 Bd4 46.hxg4 hxg4 47.Qc8+ Kg7 48.Qf5 Qxf5 49.Rxf5 Kg6 50.Rf1 f5
51.Rc1 f4 52.gxf4 exf4 53.Rd1 Be5 54.Rd7 f3+ 55.Kf2 Kf5 56.Ke3 Bf4+ 57.Kf2 Ke4
58.Re7+ Be5 59.Kf1 g3 60.Re8 Kd5  0-1

[Event "Aceimar op"]
[Site "Aceimar"]
[Date "1995.??.??"]
[Round "?"]
[White "Adla, Diego"]
[Black "Antunes, Antonio"]
[Result "0-1"]
[WhiteElo "2440"]
[BlackElo "2530"]

1.d4 d5 2.c4 c6 3.Nc3 Nf6 4.Nf3 e6 5.e3 Nbd7 6.Qc2 Bd6 7.Bd3 O-O 8.O-O e5
9.cxd5 cxd5 10.Nb5 Bb8 11.dxe5 Nxe5 12.Nxe5 Bxe5 13.f4 Bb8 14.Bd2 a6 15.Nd4 Re8
16.Rac1 Ba7 17.Rfe1 h6 18.Bc3 Ne4 19.Bxe4 Rxe4 20.h3 Qe7 21.Qd2 Qe8 22.Kh2 Bd7
23.Nc2 Bc6 24.Bd4 Bxd4 25.Nxd4 Rd8 26.Rc3 Rc8 27.Rec1 Bd7 28.Rc7 Rxc7 29.Rxc7 Bc6
30.Nf5 Qd8 31.Qa5 d4 32.Qb6 dxe3 33.Nxe3 Qf6 34.g3 Rxe3  0-1

[Event "Agios Nikolaos op"]
[Site "Agios Nikolaos"]
[Date "1995.??.??"]
[Round "3"]
[White "Moskalenko, Viktor"]
[Black "Vojinovic, Goran"]
[Result "1-0"]
[WhiteElo "2525"]
[BlackElo "2440"]

1.d4 d5 2.c4 e6 3.Nc3 c6 4.e3 Nf6 5.Nf3 Nbd7 6.Bd3 Be7 7.O-O O-O 8.Qe2 b6
9.Rd1 Bb7 10.b3 Qc7 11.Bb2 Rac8 12.Rac1 Qb8 13.Ne5 Rfd8 14.f4 Nf8 15.g4 c5
16.g5 Ne4 17.Bxe4 dxe4 18.d5 Qa8 19.Qh5 Ng6 20.Nxf7 Kxf7 21.Qxh7 e5 22.f5 Nf8
23.g6+  1-0

[Event "Amantea op"]
[Site "Amantea"]
[Date "1995.??.??"]
[Round "5"]
[White "Malaniuk, Vladimir P"]
[Black "Sveshnikov, Evgeny"]
[Result "1/2-1/2"]
[WhiteElo "2580"]
[BlackElo "2580"]

1.d4 d5 2.c4 e6 3.Nf3 Nf6 4.Nc3 c6 5.e3 Nbd7 6.b3 Bb4 7.Bd2 Qe7 8.Be2 O-O
9.O-O b6 10.Ne1 a5 11.Nc2 Bb7 12.Re1 Bd6 13.Bf3 h6 14.e4 dxe4 15.Nxe4 Nxe4
16.Bxe4 Nf6 17.Bf3 Qc7 18.h3 e5 19.Bc3 Rfe8 20.dxe5 Bxe5 21.Rxe5 Rxe5 22.Bxe5 Qxe5
23.Qd4 Qc7 24.Rd1 c5 25.Qd6 Qxd6 26.Rxd6 Bxf3 27.gxf3 Re8 28.Ne3 Re6 29.Rd8+ Kh7
30.Rf8 Nd7 31.Rxf7 Ne5 32.Rf8 g5 33.f4 Ng6 34.f5 Rxe3 35.Rf7+ Kg8 36.fxg6 Re6
37.Rb7 Rxg6 38.Kg2  1/2-1/2

[Event "Amantea op"]
[Site "Amantea"]
[Date "1995.??.??"]
[Round "6"]
[White "Naumkin, Igor"]
[Black "Vul, Arkadi Eremeevich"]
[Result "1-0"]
[WhiteElo "2455"]
[BlackElo "2405"]

1.d4 d5 2.c4 e6 3.Nc3 c6 4.e3 Nf6 5.Nf3 Nbd7 6.Qc2 Bd6 7.Be2 O-O 8.O-O dxc4
9.Bxc4 e5 10.Bb3 Qc7 11.h3 Re8 12.Ng5 Re7 13.dxe5 Bxe5 14.Ne2 h6 15.Nxf7 Rxf7
16.f4 Bd6 17.Bxf7+ Kxf7 18.e4 Be7 19.Kh1 Nc5 20.Ng3 Kf8 21.e5 Nd5 22.Qh7 Bh4
23.Qh8+ Kf7 24.Nh5 Kg6 25.f5+ Bxf5 26.Qxa8 Qxe5 27.Qf8 Ne6 28.Qxf5+ Qxf5
29.Rxf5 Kxf5 30.Bd2 Ke4 31.Be1 Bg5 32.Bf2 b6 33.Re1+ Be3 34.Kg1 g6 35.Ng3+ Kd3
36.Bxe3 Nxe3 37.Kf2  1-0

[Event "Andorra op"]
[Site "Andorra"]
[Date "1995.??.??"]
[Round "3"]
[White "Cifuentes Parada, Roberto"]
[Black "Oms Pallise, Josep"]
[Result "1/2-1/2"]
[WhiteElo "2535"]
[BlackElo "2350"]

1.d4 d5 2.c4 c6 3.e3 Nf6 4.Nc3 e6 5.Nf3 Nbd7 6.Qc2 Bd6 7.g4 h6 8.Rg1 e5 9.cxd5 Nxd5
10.Ne4 Bb4+ 11.Bd2 Qe7 12.O-O-O exd4 13.exd4 Bxd2+ 14.Qxd2 N7b6 15.Nc5 Qd6
16.Qe2+ Kf8 17.Ne5 g5 18.Rg3 Kg7 19.Rf3 Nf4 20.Qc2 Qe7 21.Kb1 Be6 22.Re3 Qc7
23.Nxe6+ Nxe6 24.Bc4 Nxc4 25.Qxc4 Rhe8 26.Rde1 Nf4 27.Nxc6 Rxe3 28.fxe3 bxc6
29.exf4 Qxf4 30.Qxc6 Rd8 31.Qc3 Qxd4 32.Kc2 Kg6 33.Qxd4 Rxd4 34.h3 Rf4 35.Kd3 h5
36.Re4 Rf3+ 37.Re3 Rf2 38.Re2 Rf4 39.Re4 Rf3+  1/2-1/2

[Event "Ankara zt"]
[Site "Ankara"]
[Date "1995.??.??"]
[Round "2"]
[White "Atalik, Suat"]
[Black "Yegiazarian, Arsen"]
[Result "1/2-1/2"]
[WhiteElo "2500"]
[BlackElo "2450"]

1.d4 d5 2.c4 e6 3.Nf3 Nf6 4.Nc3 c6 5.e3 Nbd7 6.Bd2 Bd6 7.Bd3 O-O 8.O-O dxc4
9.Bxc4 e5 10.Qc2 Qe7 11.Rae1 e4 12.Ng5 Nb6 13.Be2 Bf5 14.f3 Qc7 15.f4 Rae8
16.g4 Bxg4 17.Bxg4  1/2-1/2

[Event "Ankara zt"]
[Site "Ankara"]
[Date "1995.??.??"]
[Round "6"]
[White "Grivas, Efstratios"]
[Black "Yegiazarian, Arsen"]
[Result "1/2-1/2"]
[WhiteElo "2460"]
[BlackElo "2460"]

1.d4 Nf6 2.c4 e6 3.Nf3 d5 4.Nc3 c6 5.e3 Nbd7 6.Bd3 dxc4 7.Bxc4 b5 8.Bd3 Bb7
9.a3 a6 10.b4 a5 11.Rb1 Bd6 12.Bd2 axb4 13.axb4 O-O 14.O-O Qe7 15.Ne4 Nxe4
16.Bxe4 Ra2 17.Qb3 Rfa8 18.Rb2 Rxb2 19.Qxb2 Nb6 20.Bd3 Ra4 21.Ra1 Rxa1+ 22.Qxa1 Nd5
23.e4 Nxb4 24.e5 Nxd3 25.exd6 Qxd6 26.Qa7 Qc7 27.h3 b4 28.Qa4 Qb6 29.Qb3 Qb5
30.Ne1 Nxe1 31.Bxe1 Ba6 32.Qxb4 Qf1+ 33.Kh2 h5 34.f3 Bc4 35.Qb8+ Kh7 36.Qe5 Qe2
37.Qxh5+ Kg8 38.Qa5 Bd5 39.Qd8+ Kh7 40.Qh4+  1/2-1/2

[Event "Ankara zt"]
[Site "Ankara"]
[Date "1995.??.??"]
[Round "9"]
[White "Yegiazarian, Arsen"]
[Black "Supatashvili, Khvicha"]
[Result "1/2-1/2"]
[WhiteElo "2450"]
[BlackElo "2450"]

1.Nf3 d5 2.d4 c6 3.c4 Nf6 4.Nc3 e6 5.e3 Nbd7 6.Qc2 Bd6 7.Be2 O-O 8.b3 Qe7
9.O-O Re8 10.Bb2 dxc4 11.bxc4 e5 12.Rae1 a6 13.Nd2 exd4 14.exd4 Nf8 15.c5 Bc7
16.Nc4 Be6 17.Bf3 Qd8 18.Ne3 Ng6 19.d5 cxd5 20.Nexd5 Nxd5 21.Bxd5 Bxd5 22.Rxe8+ Qxe8
23.Nxd5 Be5 24.Bxe5 Qxe5 25.Qb3 Rd8 26.Ne3 Qxc5 27.Qxb7  1/2-1/2

[Event "Antwerp op"]
[Site "Antwerp"]
[Date "1995.??.??"]
[Round "3"]
[White "Giddins, Stephen"]
[Black "Khenkin, Igor"]
[Result "0-1"]
[WhiteElo "2345"]
[BlackElo "2555"]

1.d4 d5 2.c4 c6 3.Nf3 Nf6 4.Nc3 e6 5.e3 Nbd7 6.Bd3 dxc4 7.Bxc4 b5 8.Be2 a6
9.e4 b4 10.e5 bxc3 11.exf6 Nxf6 12.bxc3 Bd6 13.Nd2 O-O 14.Nc4 Be7 15.Ne5 Qc7
16.Bf3 Bd6 17.O-O Bb7 18.Rb1 Rab8 19.g3 c5 20.Rxb7 Rxb7 21.Bxb7 Qxb7 22.Ba3 Rd8
23.dxc5 Bc7 24.Qe2 Bxe5 25.Qxe5 Ne4 26.Bc1 Qc6 27.f3 Nxc5 28.Be3 Nd3 29.Qa5 Rd5
30.Qb6 Qxb6 31.Bxb6 Ne5 32.Bc7 Nc4 33.Rb1 f6 34.Rb8+ Kf7 35.Rd8 Rxd8 36.Bxd8 e5
37.Kf2 Ke6 38.Ke2 e4 39.fxe4 Kd7  0-1

[Event "Antwerp op"]
[Site "Antwerp"]
[Date "1995.??.??"]
[Round "8"]
[White "Novikov, Igor A"]
[Black "Wells, Peter K"]
[Result "1/2-1/2"]
[WhiteElo "2580"]
[BlackElo "2545"]

1.d4 Nf6 2.c4 e6 3.Nf3 d5 4.Nc3 c6 5.e3 Nbd7 6.Qc2 Bd6 7.Be2 O-O 8.O-O dxc4
9.Bxc4 b5 10.Bd3 Bb7 11.h3 a6 12.Ng5 h6 13.Nge4  1/2-1/2

[Event "ARG-ch"]
[Site "?"]
[Date "1995.??.??"]
[Round "11"]
[White "Sorin, Ariel"]
[Black "Hoffman, Alejandro"]
[Result "1/2-1/2"]
[WhiteElo "2500"]
[BlackElo "2495"]

1.d4 d5 2.c4 e6 3.Nc3 c6 4.e3 Nf6 5.Nf3 Nbd7 6.Qc2 Bd6 7.Be2 O-O 8.O-O e5
9.cxd5 cxd5 10.dxe5 Nxe5 11.Rd1 Nxf3+ 12.Bxf3 Bc7 13.g3 Be6 14.Qd3 Be5 15.Bd2 Qd7
16.Be1 Rad8 17.Qe2 Rfe8 18.Nb5 Bg4 19.Bxg4 Nxg4 20.Nd4 Nf6 21.Rac1 h5 22.Nf3 Bb8
23.Ba5 b6 24.Bc3 Ne4 25.Bd4 Rc8 26.Nh4 g6 27.Rxc8 Rxc8 28.b3 Qe8 29.Qb2 Kh7
30.Rc1  1/2-1/2

[Event "ARG-ch"]
[Site "?"]
[Date "1995.??.??"]
[Round "15"]
[White "Servat, Roberto"]
[Black "Morovic Fernandez, Ivan"]
[Result "1/2-1/2"]
[WhiteElo "2450"]
[BlackElo "2585"]

1.d4 d5 2.c4 c6 3.Nc3 Nf6 4.e3 e6 5.Nf3 Nbd7 6.Qc2 Bd6 7.Be2 O-O 8.O-O Re8
9.Rd1 Qe7 10.h3 h6 11.a3 b6 12.e4 Nxe4 13.Nxe4 dxe4 14.Qxe4 Bb7 15.Bf4 Bxf4
16.Qxf4 e5 17.Nxe5 Nxe5  1/2-1/2

[Event "Arhus Sommer"]
[Site "Arhus"]
[Date "1995.??.??"]
[Round "1"]
[White "Jakobsen, Peter"]
[Black "Jensen, Jacob Bjerre"]
[Result "0-1"]
[WhiteElo "2250"]
[BlackElo "2220"]

1.d4 Nf6 2.Nf3 d5 3.c4 c6 4.Nc3 e6 5.e3 Nbd7 6.Bd3 dxc4 7.Bxc4 b5 8.Bd3 Bb7
9.O-O b4 10.Ne4 Be7 11.Nxf6+ Nxf6 12.e4 O-O 13.e5 Nd7 14.Be4 Rc8 15.Qc2 f5
16.exf6 Nxf6 17.Re1 h6 18.Bf4 Qb6 19.Bg3 Nxe4 20.Qxe4 Rf6 21.Ne5 c5 22.Nd7 Bxe4
23.Nxb6 axb6 24.Rxe4 cxd4 25.Be5 d3 26.Rd1 Rff8 27.f3 Rfd8 28.Kf1 Rc2 29.Rd4 Rxd4
30.Bxd4 Bc5 31.Rxd3 Bxd4 32.Rxd4 Rxb2 33.Rd6 b5 34.Rxe6 Rxa2 35.Re1 Rc2 36.Rb1 Rc4
37.Kf2 Kf7 38.Ke3 Ke6 39.Rd1 b3 40.Rb1 Rc3+ 41.Kd4 b4 42.f4 Kf5 43.g3 h5
44.Rb2 h4 45.gxh4 Kxf4 46.Rb1 Kg4 47.Ke4 Kxh4 48.Kf5 g5 49.Rg1 Rc5+ 50.Ke4 b2
51.Rb1 Rc2 52.Kf3 g4+ 53.Kf4 Kh3 54.Kf5 Rxh2  0-1

[Event "Donau op"]
[Site "Aschach"]
[Date "1995.??.??"]
[Round "6"]
[White "Djurkovic, Maks"]
[Black "Schaubmair, Manfred"]
[Result "0-1"]
[WhiteElo "2105"]
[BlackElo "2290"]

1.d4 d5 2.Nf3 Nf6 3.c4 c6 4.e3 e6 5.Nc3 b6 6.cxd5 exd5 7.Qc2 Bd6 8.Bd3 O-O
9.Ne5 h6 10.f4 c5 11.b3 Bb7 12.O-O Nc6 13.Bf5 cxd4 14.Nxc6 Bxc6 15.exd4 Bd7
16.Bxd7 Qxd7 17.a3 Rfe8 18.Bd2 Re7 19.Qd3 Rae8 20.b4 Bb8 21.Nd1 Ne4 22.Be3 Nd6
23.Ra2 Nc4 24.Bc1 Qg4 25.h3 Qh5 26.g4 Qh4 27.Kg2 Re4 28.Rc2 b5 29.Rxc4 dxc4
30.Qc3 Re2+ 31.Rf2 h5 32.Be3  0-1

[Event "AUT-chT2O 9495"]
[Site "?"]
[Date "1995.??.??"]
[Round "?"]
[White "Eperjesi, Laszlo"]
[Black "Plank, Franz"]
[Result "1/2-1/2"]
[WhiteElo "2350"]
[BlackElo "2275"]

1.d4 d5 2.c4 e6 3.Nc3 c6 4.e3 Nf6 5.Nf3 Ne4 6.Bd3 f5 7.Ne5 Qf6 8.O-O Bd6
9.f4 h5 10.Be2 Qh6 11.Qc2 Nd7 12.c5 Be7 13.Nxe4 dxe4 14.Nc4 Nf6 15.Bd2 Nd5
16.b4 O-O 17.a4 Bd7 18.Ne5 Be8 19.Bc4 Bf6 20.Bxd5 exd5 21.Rab1 a6 22.Kh1 h4
23.Rg1 Rd8 24.Qb3 Bxe5 25.dxe5 Bh5 26.h3 Be2 27.Qc3 Rfe8 28.Qd4 Re6 29.Rb2 Qh5
30.Be1 Bd3 31.Rd2 Kf7 32.Kh2 Rh8 33.Rb2 Rd8 34.Qc3 Bc4 35.Qd2 Rh8 36.Qd4 Bd3
37.Bc3 Bc4 38.Qd1 Qxd1 39.Rxd1 Ree8 40.Rg1 Re6 41.g4 hxg3+ 42.Rxg3 Rh5 43.Kg2 Bd3
44.Bd4 Bc4 45.Kg1 Bd3 46.Rbg2 g6 47.Rb2 Bc4 48.Kg2 Bd3 49.Kf2 Kg7 50.Kg2 Kh6
51.Kh2 Bf1 52.Rf2 Bc4 53.Rg1 Bd3 54.Kg3 Bc4 55.h4 Bb3 56.Ra1 Bc4 57.Rh2 Bd3  1/2-1/2

[Event "AUT-chT2O 9495"]
[Site "?"]
[Date "1995.??.??"]
[Round "?"]
[White "Lehner, Oliver"]
[Black "Plank, Franz"]
[Result "1/2-1/2"]
[WhiteElo "2285"]
[BlackElo "2275"]

1.d4 d5 2.c4 e6 3.Nc3 c6 4.e3 Nf6 5.Nf3 Nbd7 6.Qc2 Bd6 7.Be2 O-O 8.O-O dxc4
9.Bxc4 e5 10.Bb3 Qc7 11.Bd2 exd4 12.exd4 Bf4 13.Rfe1 Bxd2 14.Qxd2 Nb6 15.Qg5 Bd7
16.Re7 Rae8 17.Rae1 Rxe7 18.Rxe7 Qd8 19.Re3 Re8 20.h3 Nc8 21.Qf4 Ne7 22.Ne5 Be6
23.Bxe6 fxe6 24.Rd3 Ned5 25.Qg5 Nxc3 26.bxc3 Qe7 27.c4 Nd7 28.Qg3 Rd8 29.Nf3 Nb6
30.Ne5 Nd7 31.Ng4 Nb6 32.Rf3 Kh8 33.Ne5 Kg8 34.Rf7 Qxf7 35.Nxf7 Kxf7 36.c5 Nd5
37.Qh4 Nf6 38.Qf4 Rd7 39.g4 h6 40.h4 Ke7 41.Kg2 a6 42.f3 Rd5 43.Qe3 Kf7 44.Kg3 Rd7
45.f4 g6 46.Kf3 h5 47.g5 Ne8  1/2-1/2

[Event "AUT-chT9495"]
[Site "?"]
[Date "1995.??.??"]
[Round "?"]
[White "Lukacs, Peter"]
[Black "Horvath, Csaba"]
[Result "1/2-1/2"]
[WhiteElo "2490"]
[BlackElo "2540"]

1.d4 d5 2.c4 c6 3.Nc3 Nf6 4.e3 e6 5.Nf3 Nbd7 6.Bd3 dxc4 7.Bxc4 b5 8.Bd3 Bb7
9.a3 b4 10.Ne4 c5 11.Nxf6+ gxf6 12.O-O cxd4 13.exd4 bxa3 14.bxa3 Bd6  1/2-1/2

[Event "AUT-chT9495"]
[Site "?"]
[Date "1995.??.??"]
[Round "?"]
[White "Lukacs, Peter"]
[Black "Chernin, Alexander"]
[Result "1/2-1/2"]
[WhiteElo "2490"]
[BlackElo "2615"]

1.d4 d5 2.c4 c6 3.Nc3 Nf6 4.e3 e6 5.Nf3 Nbd7 6.Bd3 dxc4 7.Bxc4 b5 8.Bd3 a6
9.e4 c5 10.d5 c4 11.dxe6 cxd3 12.exd7+ Qxd7 13.O-O Bb7 14.Re1 Be7 15.e5 Nd5
16.Ne4 O-O 17.Qxd3 Qg4 18.Ng3 f5 19.exf6 Bxf6 20.Ne4 Be7 21.h3 Qg6 22.Ne5 Qf5
23.Qg3 Kh8  1/2-1/2

[Event "AUT-chT2S 9596"]
[Site "AUT"]
[Date "1995.??.??"]
[Round "?"]
[White "Frosch, Erich"]
[Black "Detter, Peter"]
[Result "0-1"]
[WhiteElo "2265"]
[BlackElo "2225"]

1.d4 d5 2.Nf3 Nf6 3.c4 c6 4.Nc3 e6 5.e3 Nbd7 6.Be2 dxc4 7.Bxc4 b5 8.Bd3 a6
9.Qc2 c5 10.Ne4 c4 11.Be2 Nxe4 12.Qxe4 Rb8 13.Qf4 Qb6 14.O-O Bd6 15.Qg5 O-O
16.e4 Qd8 17.Qh5 Bb7 18.e5 Be7 19.Qg4 Kh8 20.h4 Nb6 21.h5 Qd5 22.h6 gxh6
23.Bxh6 Rg8 24.Ng5 Bxg5 25.Bxg5 h6 26.Qh3 Qxg2+ 27.Qxg2 Bxg2 28.Kxg2 Rxg5+
29.Kf3 Nd5 30.Rh1 Rf5+ 31.Kg2 Rg8+ 32.Kf1 Ne3+ 33.Ke1 Nc2+ 34.Kd2 Nxa1 35.Rxh6+ Kg7
36.Rh1 Rxf2 37.Rxa1 Kf8 38.Ke3 Rgg2 39.Re1 Ke7 40.a3 Kd7 41.Bh5 Rxb2 42.Rf1 Rb3+
43.Ke4 Rg7 44.Rf4 Ke7 45.a4 Rh7 46.Bd1 Ra3 47.d5 exd5+ 48.Kf5 Rd3  0-1

[Event "AUT-chT2O 9596"]
[Site "AUT"]
[Date "1995.??.??"]
[Round "1"]
[White "Weiss, Christian"]
[Black "Lechtynsky, Jiri"]
[Result "0-1"]
[WhiteElo "2290"]
[BlackElo "2425"]

1.Nf3 Nf6 2.d4 d5 3.c4 c6 4.Nc3 e6 5.e3 Nbd7 6.Bd3 Bd6 7.O-O O-O 8.e4 dxc4
9.Bxc4 e5 10.Bg5 exd4 11.Qxd4 Qe7 12.Bxf6 gxf6 13.Rad1 Bc7 14.Qd2 Kh8 15.Qh6 Rg8
16.Rfe1 Rg6 17.Qd2 Ne5 18.Nxe5 fxe5 19.Re3 Bg4 20.Be2 Be6 21.Rg3 Rd8 22.Qc2 Bb6
23.Rxg6 hxg6 24.Rxd8+ Qxd8 25.g3 Kg7 26.Kg2 Bd4 27.a3 Qd7 28.Nd1 b5 29.Ne3 f6
30.h4 c5 31.h5 c4 32.hxg6 Bxe3 33.fxe3 Kxg6 34.Kf1 Qh7 35.Qc3 Qh2 36.Ke1 Qxg3+
37.Kd1 Qg1+ 38.Qe1  0-1

[Event "AUT-chT2O 9596"]
[Site "AUT"]
[Date "1995.??.??"]
[Round "4"]
[White "Wirius, Stefan"]
[Black "Pingitzer, Harald"]
[Result "1/2-1/2"]
[WhiteElo "2270"]
[BlackElo "2255"]

1.d4 d5 2.c4 c6 3.Nf3 Nf6 4.Nc3 e6 5.e3 Nbd7 6.Bd3 dxc4 7.Bxc4 b5 8.Bd3 Bb7
9.a3 a6 10.b4 Bd6 11.Ne4 Nxe4 12.Bxe4 a5 13.Rb1 Nf6 14.Bd3 axb4 15.axb4 Nd5
16.Bd2 Qe7 17.O-O Nxb4 18.Bxb4 Bxb4 19.Qc2 Bd6 20.e4 g6 21.d5 cxd5 22.Bxb5+ Kf8
23.Bc6 Bxc6 24.Qxc6 Rd8 25.Rb7 Qf6 26.h4 Kg7 27.e5 Bxe5 28.Re1 Rc8 29.Qb6 Bf4
30.g3 Bc7 31.Rxc7 Rxc7 32.Qxc7 Qxf3 33.Rxe6 Rf8 34.Qe5+ Kg8 35.Rf6 Qe4 36.Qc7 d4
37.Qd7 d3 38.Rd6 Ra8 39.Rxd3 Qe2 40.Rd1  1/2-1/2

[Event "AUT-chT2O 9596"]
[Site "AUT"]
[Date "1995.??.??"]
[Round "4"]
[White "Kummer, Helmut"]
[Black "Thallinger, Harald"]
[Result "1/2-1/2"]
[WhiteElo "2290"]
[BlackElo "2360"]

1.d4 d5 2.c4 c6 3.Nf3 Nf6 4.Nc3 e6 5.e3 Nbd7 6.Bd3 dxc4 7.Bxc4 b5 8.Bd3 a6
9.e4 c5 10.d5 c4 11.Bc2 Qc7 12.dxe6 fxe6 13.Ng5 Nc5 14.O-O Bb7 15.e5 Qxe5
16.Re1 Qd6 17.Qxd6 Bxd6 18.Be3 O-O 19.Bxc5 Bxc5 20.Nxe6 Rfc8 21.h3 Bb6 22.Nxg7 Bxg2
23.Nf5 Bxh3 24.Ne7+ Kf7 25.Nxc8 Rxc8 26.Ne4 Rg8+ 27.Kh2 Bg4 28.Nxf6 Kxf6
29.Bxh7 Bc7+ 30.Kg2 Rg7 31.Be4 Be5 32.Rab1 Rd7 33.b3 c3 34.Rbc1 b4 35.Rc2 Bd1
36.Rc1 Bg4 37.Rc2 Bd1 38.Rc1 Bg4 39.Rc2 Bd1 40.Rc1  1/2-1/2

[Event "Azov"]
[Site "Azov"]
[Date "1995.??.??"]
[Round "11"]
[White "Ryskin, Alexander"]
[Black "Zakharstov, Viacheslav V"]
[Result "1/2-1/2"]
[WhiteElo "2440"]
[BlackElo "2440"]

1.d4 d5 2.c4 c6 3.Nf3 Nf6 4.Nc3 e6 5.e3 Nbd7 6.Bd3 dxc4 7.Bxc4 b5 8.Be2 Bb7
9.O-O Be7 10.e4 b4 11.e5 bxc3 12.exf6 Nxf6 13.bxc3 O-O 14.Rb1  1/2-1/2

[Event "Azov"]
[Site "Azov"]
[Date "1995.??.??"]
[Round "13"]
[White "Iskusnyh, Sergei"]
[Black "Khlian, E."]
[Result "1/2-1/2"]
[WhiteElo "2425"]
[BlackElo "2455"]

1.d4 d5 2.c4 c6 3.Nc3 Nf6 4.e3 e6 5.Nf3 Nbd7 6.Qc2 Be7 7.b3 O-O 8.Bd3 b6
9.O-O Bb7 10.Bb2 Rc8 11.Rad1 c5 12.cxd5 exd5 13.dxc5 bxc5 14.Bf5 Qc7 15.Rfe1 Rcd8
16.e4 d4 17.Nd5 Nxd5 18.exd5 Bd6 19.b4 Ne5 20.bxc5 Nxf3+ 21.gxf3 Bxh2+ 22.Kg2 Rxd5
23.Bxd4 Qf4 24.Be3 Qxf5 25.Qxf5 Rxf5 26.Kxh2  1/2-1/2

[Event "Azov"]
[Site "Azov"]
[Date "1995.??.??"]
[Round "13"]
[White "Poluljahov, Aleksandr"]
[Black "Zakharstov, Viacheslav V"]
[Result "1/2-1/2"]
[WhiteElo "2450"]
[BlackElo "2440"]

1.Nf3 Nf6 2.c4 c6 3.Nc3 d5 4.d4 e6 5.e3 Nbd7 6.Qc2 Bd6 7.Bd2 O-O 8.Bd3 dxc4
9.Bxc4 a6 10.O-O c5 11.a4 Qc7 12.Qd3 Nb6 13.Ba2 cxd4 14.exd4 Nbd5 15.Nxd5 Nxd5
16.Rac1 Qb6 17.Bb1 f5 18.b3 Bd7 19.Rfe1  1/2-1/2

[Event "Bad Endbach"]
[Site "Bad Endbach"]
[Date "1995.??.??"]
[Round "?"]
[White "Chabanon, Jean Luc"]
[Black "Tischbierek, Raj"]
[Result "1/2-1/2"]
[WhiteElo "2445"]
[BlackElo "2520"]

1.d4 d5 2.c4 c6 3.Nf3 Nf6 4.Nc3 e6 5.e3 Nbd7 6.Qc2 Bd6 7.g4 Nxg4 8.Rg1 Nxh2
9.Nxh2 Bxh2 10.Rxg7 Qf6 11.Rg2 Bd6 12.e4 Bb4 13.cxd5 exd5 14.exd5 cxd5 15.Rg3 h6
16.Bd2 Nb6 17.Nb5 Bxd2+ 18.Qxd2 Qd8 19.Rc1 Bd7 20.Qb4 Qe7+ 21.Qxe7+ Kxe7
22.Re3+ Be6 23.Rc7+ Nd7 24.f4 a6 25.f5 axb5 26.fxe6 fxe6 27.Bxb5 Rhd8 28.a4 Rab8
29.Rh3 Kd6 30.Rc2 Rh8 31.Rch2 Rbf8  1/2-1/2

[Event "Bad Endbach"]
[Site "Bad Endbach"]
[Date "1995.??.??"]
[Round "?"]
[White "Levin, Felix"]
[Black "Kupreichik, Viktor D"]
[Result "0-1"]
[WhiteElo "2490"]
[BlackElo "2500"]

1.d4 d5 2.c4 c6 3.e3 Nf6 4.Nc3 e6 5.Nf3 Nbd7 6.Qc2 a6 7.b3 b5 8.Bd3 Be7 9.c5 e5
10.dxe5 Ng4 11.e6 fxe6 12.Nd4 Nde5 13.Bxh7 Bxc5 14.h3 Qh4 15.Bg6+ Kd7 16.Rf1 Nxe3
17.Bxe3 Bxd4 18.O-O-O Bxc3 19.Qxc3 Nxg6 20.Qxg7+ Ne7 21.Bg5 Qh7 22.Qd4 Rf8
23.Bf4 Ng6 24.Bg3 e5 25.Qc5 Qe7 26.Qb6 Qd6 27.Rfe1 Rb8 28.Qe3 Kc7 29.Kb2 Kb7
30.h4 Bf5 31.Qg5 Rbe8 32.h5 Nh8 33.Bxe5 Rxe5 34.Qg7+ Nf7 35.g4 Be4 36.f4 Ree8
37.g5 Qxf4  0-1

[Event "Bad Woerishofen op"]
[Site "Bad Woerishofen"]
[Date "1995.??.??"]
[Round "4"]
[White "Daeubler, Heinrich"]
[Black "Wells, Peter K"]
[Result "0-1"]
[WhiteElo "2185"]
[BlackElo "2530"]

1.d4 Nf6 2.c4 e6 3.Nf3 d5 4.Nc3 c6 5.e3 Nbd7 6.Qc2 Bd6 7.Be2 O-O 8.O-O dxc4
9.Bxc4 b5 10.Bd3 Bb7 11.a3 a6 12.Rd1 Qe7 13.h3 c5 14.e4 cxd4 15.Nxd4 Nc5
16.Be3 Rac8 17.Qb1 Rfd8 18.Bc2 Qc7 19.Nf3 Ncd7 20.Bd4 Bf4 21.Re1 Ne5 22.Bxe5 Bxe5
23.Re3 Bf4 24.Re2 Nd7 25.Qe1 Ne5 26.Nxe5 Bxe5 27.Re3 a5 28.Bd3 b4 29.axb4 axb4
30.Na4 Bf4 31.Rf3 Rd4 32.b3 Be5 33.Rb1 Qd8 34.Bc4 Bxe4 35.Rc1 Bxf3 36.Qxe5 Ba8
37.Re1 Rd1 38.Rxd1 Qxd1+ 39.Kh2 Rd8 40.Nb6 Bb7  0-1

[Event "Bad Woerishofen op"]
[Site "Bad Woerishofen"]
[Date "1995.??.??"]
[Round "6"]
[White "Gabriel, Christian"]
[Black "Wells, Peter K"]
[Result "0-1"]
[WhiteElo "2535"]
[BlackElo "2530"]

1.d4 Nf6 2.c4 e6 3.Nf3 d5 4.Nc3 c6 5.e3 Nbd7 6.Qc2 Bd6 7.Bd2 O-O 8.h3 Qe7
9.g4 e5 10.O-O-O e4 11.Nh4 g6 12.g5 Ne8 13.Rg1 Qe6 14.Be2 Nc7 15.Bg4 Qe8
16.f3 Bb4 17.fxe4 Nb6 18.Be2 Nxc4 19.Bxc4 dxc4 20.a3 Bxc3 21.Bxc3 a5 22.d5 cxd5
23.exd5 Nxd5 24.Bd4 Bd7 25.Rde1 Rc8 26.Qg2 Qe6 27.Qg3 c3 28.Qe5 cxb2+ 29.Kxb2 Qxe5
30.Bxe5 Nb6 31.Bd4 Nc4+ 32.Kb3 Be6 33.Ka4 Bd7+ 34.Kb3 Be6 35.Ka4 b5+ 36.Kb3 Nxe3+
37.Kb2 Nc2  0-1

[Event "Bad Woerishofen op"]
[Site "Bad Woerishofen"]
[Date "1995.??.??"]
[Round "8"]
[White "Levin, Felix"]
[Black "Wells, Peter K"]
[Result "1-0"]
[WhiteElo "2490"]
[BlackElo "2530"]

1.d4 Nf6 2.c4 e6 3.Nf3 d5 4.Nc3 c6 5.e3 Nbd7 6.Bd3 dxc4 7.Bxc4 b5 8.Bd3 a6
9.e4 c5 10.d5 c4 11.Bc2 Nc5 12.Bg5 b4 13.Na4 exd5 14.e5 h6 15.exf6 hxg5 16.fxg7 Bxg7
17.Nxc5 g4 18.Ba4+ Kf8 19.O-O gxf3 20.Re1 Bg4 21.Re8+ Qxe8 22.Bxe8 Rxe8 23.h3 Bc8
24.Qxf3 Bxb2 25.Rb1 c3 26.Nd3 Ba3 27.Qxd5 Be6 28.Qc5+ Kg7 29.Nxb4 Rc8 30.Qg5+ Kh7
31.Nc2 Bb2 32.Rd1 Rc4 33.Rd3  1-0